01330nam a22002417a 4500999001700000003000900017008004100026040007100067082001700138100002100155245003100176260003500207300002800242440004000270505051500310650002100825650002200846650003800868700004800906942001600954945002100970952009700991 c19518d19518AR-CdUCM190517b ||||| |||| 00| 0 spa d aMUNICIPALIDAD PROVINCIAL DEL CUSCOcBIBLIOTECA MUNICIPAL DEL CUSCO a372.1 /bM46 aMeumann, Ernesto aPedagogía experimental / aBuenos Aires :bLosada,c1947. a378 páginas ;c20 cm. aBiblioteca Pedagógica.n17940896 aContenido: El movimiento de reforma en la pedagogía actual y la ciencia pedagógica -- Fundamento de la ciencia pedagógica por la ciencia empírica de la edad juvenil -- Introducción general a la ciencia del niño -- La investigación experimental del desarrollo corporal y espiritual del joven y su importancia pedagógica -- El estudio de las individualidades y de las diferencias de aptitud de los niños -- Fundamento de la pedagogía por el análisis experimental del trabajo del escolar ... aEducación9460 aPedagogía91560 aMetodología experimental911712 aRuíz Amado, Ramón (traducción)940897 2ddccLIBROS aachld2019-05-17 002ddc4070aSHbSHcCARTd2019-05-17g40.00o372.1 / M46pSH0000014356r2019-05-17yLIBROS